| 000 | 00657nam a22001937a 4500 | ||
|---|---|---|---|
| 005 | 20130614163351.0 | ||
| 010 | _aB-505278 | ||
| 020 |
_a818597103X _c495.00 |
||
| 035 | _aB-505278 | ||
| 037 | _bRBC/Ven | ||
| 082 | _a635.965 | ||
| 245 |
_aGarden Plants in Colour House Plants / _cedited by T.K. Bose...at.al. |
||
| 260 |
_aKolkata _bPartha Sankar Basu _cc2003 |
||
| 270 |
_a206,Bidhan Sarani _bKolkata _e700006 |
||
| 300 |
_a189p. _bcol.ill. _c25cm(Hb). |
||
| 500 | _aIt include index and bibliography | ||
| 942 |
_2ddc _cEN _mBOS _h635.965 |
||
| 999 |
_c74422 _d74422 |
||